000
00253nam a22001217a 4500
003
SGT
082
_a
510,AGG
100
_a
AGGARWAL R.S.
245
_a
QUANTITATIVE APTITUDE
260
_b
S. CHAD COPMPANY
_c
2006
300
_a
700
942
_2
ddc
_c
GF BOOKS
999
_c
34407
_d
34407